[Event "World Blitz Women 2023"]
[Site "Samarkand UZB"]
[Date "2023.12.30"]
[Round "16.4"]
[White "Muzychuk, Anna"]
[Black "Garifullina, Leya"]
[Result "1-0"]
[WhiteElo "2447"]
[BlackElo "2216"]
[EventDate "2023.12.29"]

1. e4 c5 2. c3 d5 3. exd5 Qxd5 4. Nf3 Nf6 5. d4 Nc6 6. dxc5 Qxd1+ 7. Kxd1
Bf5 8. Be3 Nd5 9. Nbd2 e5 10. Bc4 Nxe3+ 11. fxe3 Bxc5 12. Ke2 f6 13. h3
O-O-O 14. Nh4 Bd7 15. Ne4 Be7 16. g4 g6 17. Nf3 f5 18. gxf5 gxf5 19. Ned2
Kb8 20. Rhg1 Be8 21. e4 Bg6 22. Bd5 Bc5 23. Rg5 Ne7 24. exf5 Nxd5 25. fxg6
Nf4+ 26. Kd1 hxg6 27. Kc2 Rxh3 28. Rxe5 Bd6 29. Re4 Rg3 30. Rh1 Rg2 31. Rg1
Rxg1 32. Nxg1 Bc7 33. Ngf3 Rg8 34. Ng5 Bd8 35. Ndf3 Nd5 36. a4 Bxg5 37.
Nxg5 Rf8 38. Re6 Rf6 39. Re5 Rf5 40. Rxf5 gxf5 41. Kd3 Kc7 42. Kd4 Ne7 43.
b4 a6 44. c4 Nc6+ 45. Kc3 f4 46. Ne6+ Kd6 47. Nxf4 b5 48. cxb5 axb5 49.
axb5 Ne5 50. Kd4 Nd7 51. Nd5 Ne5 52. Nf6 Nf7 53. Ne4+ Kc7 54. Kc5 Ne5 55.
b6+ Kb8 56. Nd6 Nd7+ 57. Kc6 Ne5+ 58. Kb5 Nd3 59. Kc4 Ne5+ 60. Kd5 Nd7 61.
Kc6 Ne5+ 62. Kb5 Nd3 63. Ka5 Ka8 64. Ne4 Kb8 65. Nc5 Ne5 66. Kb5 Ka8 67.
Ka6 Kb8 68. b7 Nc6 69. Nd7+ Kc7 70. b8=Q+ Nxb8+ 71. Nxb8 Kxb8 72. Kb6 Ka8
73. b5 Kb8 74. Ka6 Ka8 75. b6 1-0

[Event "World Blitz Women 2023"]
[Site "Samarkand UZB"]
[Date "2023.12.30"]
[Round "16.5"]
[White "Charochkina, Daria"]
[Black "Dronavalli, Harika"]
[Result "0-1"]
[WhiteElo "2254"]
[BlackElo "2420"]
[EventDate "2023.12.29"]

1. d4 d5 2. c4 e6 3. Nc3 Nf6 4. cxd5 exd5 5. Bg5 Bb4 6. e3 h6 7. Bh4 g5 8.
Bg3 Ne4 9. a3 Bxc3+ 10. bxc3 h5 11. f3 Nxg3 12. hxg3 Nc6 13. Bd3 Qd6 14.
Ne2 Bd7 15. Rb1 O-O-O 16. Kf2 Rde8 17. c4 dxc4 18. Bxc4 f5 19. Qd3 Re7 20.
Ba6 Nd8 21. Bb5 c6 22. Rhc1 Rhe8 23. Rb3 h4 24. gxh4 gxh4 25. Ba6 Rxe3 26.
Bxb7+ Nxb7 27. Qa6 Rxe2+ 28. Kf1 Qg3 29. Qxb7+ Kd8 30. Qb8+ Qxb8 31. Rxb8+
Kc7 32. Rxe8 Rxe8 33. Kf2 Rb8 34. Rh1 Rb2+ 35. Ke3 Rxg2 36. Rxh4 Ra2 37.
Kf4 Rxa3 38. Rh7 Kd6 39. Rh6+ Be6 40. Rh8 a5 41. Rd8+ Bd7 42. Ra8 a4 43.
Ra5 Ra1 44. Kg5 Be6 45. Kf6 Bd5 46. f4 a3 47. Ra7 a2 0-1

[Event "World Blitz Women 2023"]
[Site "Samarkand UZB"]
[Date "2023.12.30"]
[Round "16.6"]
[White "Kamalidenova, Meruert"]
[Black "Stefanova, Antoaneta"]
[Result "1-0"]
[WhiteElo "2314"]
[BlackElo "2398"]
[EventDate "2023.12.29"]

1. Nf3 d5 2. g3 g6 3. Bg2 Bg7 4. O-O e5 5. d3 Nc6 6. Nbd2 Nge7 7. c4 d4 8.
Rb1 a5 9. b3 O-O 10. a3 Bd7 11. b4 axb4 12. axb4 Qc8 13. b5 Nd8 14. c5 Bh3
15. Nc4 Bxg2 16. Kxg2 Qe6 17. e3 Nd5 18. Qb3 Nc3 19. Rb2 Qd5 20. e4 Qxc5
21. Bd2 Ne6 22. Bxc3 dxc3 23. Qxc3 Nd4 24. Nxd4 exd4 25. Qb4 Qxb4 26. Rxb4
Ra2 27. Rfb1 Rc2 28. Ra4 f5 29. e5 f4 30. g4 f3+ 31. Kg3 Bh6 32. Ra7 b6 33.
e6 Re2 34. Rxc7 Bf4+ 35. Kxf3 Rxe6 36. Rc6 Be3+ 37. Kg2 Rxf2+ 38. Kg3 Re8
39. Nxb6 Ref8 40. Rc8 Rc2 41. Rxc2 g5 42. Nd5 Bf4+ 43. Nxf4 gxf4+ 44. Kf3
1-0

[Event "World Blitz Women 2023"]
[Site "Samarkand UZB"]
[Date "2023.12.30"]
[Round "16.7"]
[White "Mkrtchyan, Mariam"]
[Black "Munkhzul, Turmunkh"]
[Result "0-1"]
[WhiteElo "2150"]
[BlackElo "2211"]
[EventDate "2023.12.29"]

1. Nf3 Nf6 2. g3 g6 3. d4 Bg7 4. c4 O-O 5. Bg2 d6 6. Nc3 Nc6 7. O-O a6 8.
Bf4 Rb8 9. Rc1 Re8 10. b3 Bd7 11. d5 Na5 12. Nb1 c5 13. dxc6 Nxc6 14. Nc3
Qa5 15. Bd2 Qd8 16. Nd5 b5 17. Nxf6+ Bxf6 18. c5 d5 19. Bf4 e5 20. Bd2 Be6
21. e3 Qd7 22. b4 Rbd8 23. Qc2 Bf5 24. Qb3 h5 25. Rfd1 Bg4 26. Re1 e4 27.
Nd4 Bxd4 28. exd4 Nxd4 29. Qb2 Nf3+ 30. Kh1 Nxe1 31. Rxe1 Bf3 32. Bg5 Bxg2+
33. Kxg2 d4 34. Bxd8 Qxd8 35. Qd2 Qd5 36. Kg1 Qe5 37. a3 e3 38. fxe3 dxe3
39. Qd3 h4 40. Kg2 Qe6 41. Qe2 h3+ 42. Kg1 Qe4 43. Rf1 Rd8 44. Re1 Rd2 45.
Qf1 Rg2+ 0-1

[Event "World Blitz Women 2023"]
[Site "Samarkand UZB"]
[Date "2023.12.30"]
[Round "16.8"]
[White "Lagno, Kateryna"]
[Black "Wagner, Dinara"]
[Result "1-0"]
[WhiteElo "2522"]
[BlackElo "2350"]
[EventDate "2023.12.29"]

1. e4 c5 2. Nf3 d6 3. Bb5+ Bd7 4. Bxd7+ Qxd7 5. d4 cxd4 6. Qxd4 Nc6 7. Qd3
g6 8. O-O Bg7 9. c4 Nf6 10. Nc3 O-O 11. Bd2 Rac8 12. Rac1 a6 13. b3 Rfe8
14. h3 Nb4 15. Qe2 Nc6 16. Rfd1 Qc7 17. Nd5 Qb8 18. Bg5 Nxd5 19. exd5 Ne5
20. Nd4 Qa7 21. Be3 Qb8 22. Re1 Nd7 23. Qd2 Ne5 24. a4 Qc7 25. Bg5 Qb8 26.
f4 Nd7 27. Bh4 Nc5 28. Rb1 Qc7 29. Re3 Qb6 30. Bf2 Qc7 31. Rbe1 Qd7 32. a5
f5 33. Ne6 Ne4 34. Rxe4 fxe4 35. Rxe4 Bf6 36. Bd4 Kf7 37. Qd3 Rg8 38. Re2
Rce8 39. Bb6 Qc8 40. f5 Qd7 41. Qe4 Qc8 42. Rf2 gxf5 43. Qxf5 Rg6 44. Qh5
Kg8 45. g4 Qd7 46. g5 Be5 47. h4 Rxe6 48. dxe6 Qc8 49. Qf7+ Kh8 50. h5 Rg8
51. g6 Qa8 52. Qxh7# 1-0

[Event "World Blitz Women 2023"]
[Site "Samarkand UZB"]
[Date "2023.12.30"]
[Round "16.9"]
[White "Divya, Deshmukh"]
[Black "Muzychuk, Mariya"]
[Result "1-0"]
[WhiteElo "2315"]
[BlackElo "2443"]
[EventDate "2023.12.29"]

1. e4 c5 2. Nf3 e6 3. d4 cxd4 4. Nxd4 Nf6 5. Bd3 Nc6 6. Be3 d5 7. Nxc6 bxc6
8. Nd2 Bd6 9. O-O O-O 10. f4 d4 11. Bxd4 Bxf4 12. Nb3 e5 13. Bc5 Re8 14. g3
Bh6 15. Qe2 Be6 16. Bc4 Qc8 17. Bxe6 Qxe6 18. Rad1 Rad8 19. Bxa7 Ra8 20.
Bc5 Rxa2 21. Ba3 Ng4 22. Rf3 Bg5 23. Nc5 Qc8 24. h3 Nf6 25. h4 Bh6 26. Qc4
Qg4 27. Rdf1 Rxa3 28. bxa3 Rd8 29. Rd3 Rd4 30. Qa6 g5 31. Rxf6 gxh4 32.
Rxh6 hxg3 33. Rxd4 exd4 34. Qf1 Qg5 35. Rf6 Qxc5 36. Kg2 Qxc2+ 37. Kxg3
Qxe4 38. Rf4 Qe3+ 39. Qf3 Qg1+ 40. Kh3 Qc1 41. Rg4+ Kf8 42. Rxd4 Qh6+ 43.
Rh4 Qe6+ 44. Kg2 Qa2+ 45. Kg3 Qe6 46. Re4 Qg6+ 47. Kf2 Qd6 48. Qf4 Qxa3 49.
Qb8+ 1-0

[Event "World Blitz Women 2023"]
[Site "Samarkand UZB"]
[Date "2023.12.30"]
[Round "16.10"]
[White "Tan, Zhongyi"]
[Black "Shuvalova, Polina"]
[Result "0-1"]
[WhiteElo "2519"]
[BlackElo "2342"]
[EventDate "2023.12.29"]

1. d4 Nf6 2. c4 e6 3. Nf3 d5 4. Nc3 c5 5. e3 Nc6 6. a3 dxc4 7. Bxc4 a6 8.
O-O b5 9. Bd3 Bb7 10. dxc5 Bxc5 11. b4 Bd6 12. Bb2 Ne5 13. Nxe5 Bxe5 14. f4
Bxc3 15. Bxc3 O-O 16. Qe2 Rc8 17. Bb2 Be4 18. Rad1 Bxd3 19. Rxd3 Qe7 20.
Rfd1 h6 21. Bd4 Rfd8 22. Qb2 Ne8 23. h3 Rd5 24. e4 Rdd8 25. Kh2 Qb7 26. Rg3
Qxe4 27. Rdd3 f6 28. Qd2 Rd5 29. Bc5 Rcd8 30. Rxd5 Rxd5 31. Qf2 Kf7 32. Re3
Qf5 33. Qf3 h5 34. Re4 Nc7 35. Bb6 Ne8 36. Bc5 h4 37. Re3 Nc7 38. Qf2 g5
39. Rf3 g4 40. hxg4 Qxg4 41. Rh3 Rh5 42. Bd6 Nd5 43. Qa7+ Kg6 44. Qa8 Kf5
45. Qc6 Qe2 46. Qe8 Rh6 47. Qc6 0-1

[Event "World Blitz Women 2023"]
[Site "Samarkand UZB"]
[Date "2023.12.30"]
[Round "16.11"]
[White "Priyanka, Nutakki"]
[Black "Goryachkina, Aleksandra"]
[Result "0-1"]
[WhiteElo "2224"]
[BlackElo "2475"]
[EventDate "2023.12.29"]

1. d4 d5 2. Nf3 Nf6 3. Bf4 c5 4. e3 Nc6 5. Nbd2 cxd4 6. exd4 Qb6 7. Nb3 Bg4
8. Be2 e6 9. c3 Be7 10. O-O O-O 11. h3 Bh5 12. Re1 a5 13. a4 Ne4 14. Ne5
Nxe5 15. Bxe5 Bxe2 16. Rxe2 Rfe8 17. Nc1 f6 18. Bh2 Bf8 19. Nd3 Rad8 20.
Qc2 Qc6 21. Rae1 g6 22. f3 Ng5 23. h4 Nf7 24. Bf4 Kg7 25. Bh2 b6 26. Nf4 e5
27. dxe5 fxe5 28. Nd3 e4 29. fxe4 dxe4 30. Nf4 Nd6 31. Qb3 Nc4 32. Qb5 Qxb5
33. axb5 e3 34. Kh1 Bc5 35. Bg1 a4 36. g3 Rd2 37. Kg2 Kg8 38. Kf3 Red8 39.
Ng2 Rf8+ 40. Ke4 Nd6+ 41. Ke5 Re8+ 42. Kf4 Rf8+ 43. Ke5 Nc4+ 44. Ke6 Nxb2
45. Bxe3 Rxe2 46. Rxe2 Bxe3 47. Nxe3 0-1

[Event "World Blitz Women 2023"]
[Site "Samarkand UZB"]
[Date "2023.12.30"]
[Round "16.12"]
[White "Mammadzada, Gunay"]
[Black "Nurmanova, Alua"]
[Result "1/2-1/2"]
[WhiteElo "2408"]
[BlackElo "2249"]
[EventDate "2023.12.29"]

1. e4 c5 2. Nf3 d6 3. d4 cxd4 4. Nxd4 Nf6 5. Nc3 a6 6. Be3 e5 7. Nb3 Be6 8.
Qd2 Nbd7 9. O-O-O Rc8 10. h3 h5 11. Kb1 b5 12. f4 Qc7 13. a3 h4 14. Bd3 Be7
15. Rhg1 Nb6 16. fxe5 dxe5 17. Bxb6 Qxb6 18. Nd5 Bxd5 19. exd5 Bd6 20. Bf5
Rc4 21. g3 hxg3 22. Rxg3 g6 23. Bd3 Rf4 24. Qc3 O-O 25. Qc6 Qxc6 26. dxc6
Bc7 27. Rg2 e4 28. Be2 e3 29. Nc5 Ra8 30. Nd7 Kg7 31. Nxf6 Rxf6 32. Rd7 Rc8
33. a4 Rxc6 34. axb5 axb5 35. Bxb5 Rf6 36. Bc4 Bb6 37. b3 Bc5 38. Re2 Rf1+
39. Kb2 Rf4 40. c3 Rf8 41. Kc2 Rh4 42. Rc7 Bd6 43. Rc6 Bf4 44. b4 Rxh3 45.
b5 Rb8 46. Kb3 Rf3 47. Ra6 g5 48. Ra7 Be5 49. Rg2 Kg6 50. Bd5 Rf4 51. c4 g4
52. Ra6+ Kg5 53. Ra7 f5 54. Re7 Bf6 55. Rxe3 Rf1 56. Re6 Rb1+ 57. Ka2 Ra1+
58. Kb3 f4 59. b6 Rb1+ 60. Kc2 R1xb6 61. Rxb6 Rxb6 62. Bf3 Rb2+ 63. Kd3
Rxg2 64. Bxg2 f3 65. Bh1 Kf4 66. Kd2 g3 67. Ke1 g2 68. Bxg2 Bh4+ 69. Kf1
fxg2+ 70. Kxg2 Ke5 1/2-1/2

[Event "World Blitz Women 2023"]
[Site "Samarkand UZB"]
[Date "2023.12.30"]
[Round "16.13"]
[White "Borisova, Ekaterina"]
[Black "Danielian, Elina"]
[Result "1-0"]
[WhiteElo "2130"]
[BlackElo "2352"]
[EventDate "2023.12.29"]

1. Nf3 d5 2. g3 Bg4 3. Bg2 Nd7 4. h3 Bh5 5. O-O c6 6. d3 Ngf6 7. c4 e6 8.
cxd5 exd5 9. Qb3 Qb6 10. Qc2 Bd6 11. Nc3 O-O 12. g4 Bg6 13. e4 dxe4 14.
dxe4 Rfe8 15. Nh4 Nc5 16. Nxg6 hxg6 17. Be3 Qc7 18. Rae1 Ne6 19. Ne2 g5 20.
Nd4 Bh2+ 21. Kh1 Bf4 22. Nxe6 Rxe6 23. Bd4 Rd8 24. Rd1 Nxg4 25. Bxa7 Rxd1
26. Rxd1 Be3 27. hxg4 Bxa7 28. Kg1 Bb6 29. Kf1 Qf4 30. Qe2 Rf6 31. f3 Qh2
32. Ke1 Qg1+ 33. Qf1 Qe3+ 34. Qe2 Qg1+ 35. Qf1 Ba5+ 36. Ke2 Qc5 37. Rd7 Re6
38. Qd1 Bb6 39. Kd3 Qe3+ 40. Kc2 Qf2+ 41. Rd2 Qc5+ 42. Kb1 Re8 43. Bf1 Qb4
44. a3 Qa5 45. Bc4 Qc5 46. Qb3 Rf8 47. Rd7 Qg1+ 48. Ka2 Bd4 49. Bxf7+ Kh7
50. Be6 Rf4 51. Bf5+ Kh6 52. Rd8 g6 53. Be6 Qe3 54. Qxe3 Bxe3 55. Rh8+ Kg7
56. Rb8 b5 57. Rb7+ Kf6 58. Bd7 Rxf3 59. Bxc6 Ke5 60. Rxb5+ Kd6 61. Bb7 Rf2
62. a4 Kc7 63. Bd5 Bd4 64. a5 Rf8 65. a6 Rf4 66. Rb7+ Kd6 67. a7 Bxa7 68.
Rxa7 Rxg4 69. Rg7 Ke5 70. Rxg6 Rg1 71. Re6+ Kd4 72. Bb7 g4 73. e5 g3 74.
Re7 Kc5 75. Rg7 Kb6 76. e6 1-0

[Event "World Blitz Women 2023"]
[Site "Samarkand UZB"]
[Date "2023.12.30"]
[Round "16.14"]
[White "Munguntuul, Batkhuyag"]
[Black "Toncheva, Nadya"]
[Result "1-0"]
[WhiteElo "2348"]
[BlackElo "2162"]
[EventDate "2023.12.29"]

1. e4 c5 2. Nf3 Nc6 3. d4 cxd4 4. Nxd4 g6 5. c4 Bg7 6. Be3 Nf6 7. Nc3 O-O
8. Be2 d6 9. O-O Bd7 10. Rc1 Nxd4 11. Bxd4 Bc6 12. f3 Nd7 13. Be3 a5 14. b3
Nc5 15. Qd2 Qb6 16. Rb1 Rfc8 17. Kh1 Qb4 18. Rfc1 h5 19. Rc2 Kh7 20. Qc1
Qb6 21. Nd5 Bxd5 22. cxd5 Qa7 23. a3 b6 24. b4 axb4 25. axb4 Nb3 26. Rxb3
Rxc2 27. Qxc2 Qa1+ 28. Rb1 Qa3 29. Bxb6 Be5 30. g3 Rb8 31. Ba5 Qe3 32. Kg2
h4 33. b5 hxg3 34. hxg3 Kg7 35. Qd2 Qc5 36. Rc1 Qa3 37. Bc3 Rh8 38. Bxe5+
dxe5 39. b6 Qa4 40. Rb1 Qd7 41. g4 Qd6 42. b7 f5 43. Qb4 Qf6 44. b8=Q Rxb8
45. Qxb8 fxg4 46. fxg4 Qf4 47. Qb4 1-0

[Event "World Blitz Women 2023"]
[Site "Samarkand UZB"]
[Date "2023.12.30"]
[Round "16.15"]
[White "Lei, Tingjie"]
[Black "Lu, Miaoyi"]
[Result "1/2-1/2"]
[WhiteElo "2530"]
[BlackElo "2284"]
[EventDate "2023.12.29"]

1. e4 c5 2. c3 Nf6 3. e5 Nd5 4. Bc4 Nb6 5. Bb3 d6 6. exd6 Qxd6 7. Na3 Bf5
8. d4 cxd4 9. Nb5 Qc6 10. a4 dxc3 11. Nf3 e6 12. O-O Bg4 13. bxc3 Bxf3 14.
Qxf3 Qxf3 15. gxf3 Na6 16. Be3 Be7 17. Rfd1 O-O 18. a5 Nc8 19. Rd7 Bc5 20.
Bd4 Bxd4 21. cxd4 Rb8 22. Rc1 b6 23. Nxa7 bxa5 24. Ba4 Nxa7 25. Rxa7 Ra8
26. Rb7 Nb4 27. Rc5 Nd3 28. Rcc7 Nf4 29. Kf1 Rab8 30. Ke1 Rxb7 31. Rxb7 Rc8
32. Bd7 Rd8 33. Bc6 g6 34. Kd2 Rxd4+ 35. Ke3 Rc4 36. Be8 Nd5+ 37. Kd3 Rf4
38. Ke2 a4 39. Ra7 Kf8 40. Bc6 Kg7 41. Be8 Kf8 42. Bc6 Rh4 43. Ra8+ Kg7 44.
Ra7 Kf8 45. Ra8+ Ke7 46. Ra7+ Kf8 47. Ra8+ Kg7 48. Ra7 1/2-1/2

[Event "World Blitz Women 2023"]
[Site "Samarkand UZB"]
[Date "2023.12.30"]
[Round "16.16"]
[White "Vaishali, Rameshbabu"]
[Black "Ni, Shiqun"]
[Result "1-0"]
[WhiteElo "2410"]
[BlackElo "2270"]
[EventDate "2023.12.29"]

1. d4 d5 2. Nf3 Nf6 3. Bf4 Bf5 4. e3 e6 5. Nbd2 Bd6 6. Ne5 O-O 7. h4 h5 8.
Be2 Bg6 9. Nxg6 fxg6 10. Bd3 Qe8 11. Nf3 Nbd7 12. Qe2 Ne4 13. Bxd6 cxd6 14.
Bxe4 dxe4 15. Ng5 Nf6 16. O-O-O Rc8 17. Kb1 d5 18. f3 exf3 19. gxf3 e5 20.
dxe5 Qxe5 21. Rd3 Rc6 22. Rhd1 Rfc8 23. c3 Rb6 24. Ka1 Ra6 25. Rd4 Rac6 26.
Qd3 Qf5 27. e4 dxe4 28. fxe4 Qe5 29. Nf3 Qe6 30. e5 Ng4 31. Rd8+ Rxd8 32.
Qxd8+ 1-0

[Event "World Blitz Women 2023"]
[Site "Samarkand UZB"]
[Date "2023.12.30"]
[Round "16.17"]
[White "Khademalsharieh, Sarasadat"]
[Black "Bodnaruk, Anastasia"]
[Result "1-0"]
[WhiteElo "2395"]
[BlackElo "2260"]
[EventDate "2023.12.29"]

1. d4 Nf6 2. c4 g6 3. g3 Bg7 4. Bg2 O-O 5. Nc3 d6 6. Nf3 Nc6 7. O-O e5 8.
dxe5 dxe5 9. Qa4 Bd7 10. Rd1 Qc8 11. Bg5 Re8 12. Qc2 Bf5 13. Qc1 Bh3 14.
Nd5 Nxd5 15. cxd5 Bxg2 16. Kxg2 Nd4 17. Qc4 Qf5 18. Be3 Nc2 19. Rac1 Nxe3+
20. fxe3 e4 21. Nd4 Qg5 22. Qxc7 Qxe3 23. Rc3 Qg5 24. d6 Rad8 25. d7 Rf8
26. Qxb7 Qg4 27. h3 Qxd7 28. Qxd7 Rxd7 29. e3 Rfd8 30. Rc4 f5 31. b3 Kf7
32. g4 f4 33. Kf2 fxe3+ 34. Kxe3 Re8 35. Rf1+ Kg8 36. g5 Be5 37. Nc6 Rd3+
38. Ke2 Bh2 39. Rxe4 Rxe4+ 40. Kxd3 Rh4 41. Ne7+ Kg7 42. Rf3 Bf4 43. Nc6
Bxg5 44. Nxa7 Bf6 45. a4 Rd4+ 46. Kc2 g5 47. Nc6 Rd6 48. Nb4 h5 49. a5 Kg6
50. a6 Rd7 51. Rd3 Rc7+ 52. Kd1 Be5 53. Rd5 Bc3 54. Nd3 g4 55. Nf4+ Kf7 56.
Rxh5 g3 57. Rg5 Rd7+ 58. Kc2 Bd2 59. Rxg3 Bxf4 60. Rf3 Rc7+ 61. Kb2 Ke6 62.
Rxf4 Ra7 63. Ra4 Kd5 64. h4 Kc6 65. Kc3 Kb6 66. Kd3 1-0

[Event "World Blitz Women 2023"]
[Site "Samarkand UZB"]
[Date "2023.12.30"]
[Round "16.18"]
[White "Bivol, Alina"]
[Black "Khotenashvili, Bella"]
[Result "1-0"]
[WhiteElo "2250"]
[BlackElo "2358"]
[EventDate "2023.12.29"]

1. e4 c6 2. Nc3 g6 3. d4 Bg7 4. g3 d6 5. Bg2 Nf6 6. Nge2 O-O 7. a4 e5 8.
O-O Nbd7 9. h3 Qe7 10. Be3 a6 11. g4 Rb8 12. Ng3 b5 13. axb5 axb5 14. f4
exd4 15. Bxd4 b4 16. Nce2 c5 17. Bf2 Bb7 18. Re1 Ra8 19. Rxa8 Rxa8 20. e5
Bxg2 21. exf6 Bxf6 22. Kxg2 Bxb2 23. Nc3 Qf8 24. Nb5 Ra6 25. Ne4 Qa8 26.
Nc7 1-0

[Event "World Blitz Women 2023"]
[Site "Samarkand UZB"]
[Date "2023.12.30"]
[Round "16.19"]
[White "Voit, Daria"]
[Black "Tsolakidou, Stavroula"]
[Result "1/2-1/2"]
[WhiteElo "2215"]
[BlackElo "2345"]
[EventDate "2023.12.29"]

1. d4 Nf6 2. c4 g6 3. g3 Bg7 4. Bg2 O-O 5. Nc3 d6 6. Nf3 Nbd7 7. O-O e5 8.
e4 exd4 9. Nxd4 Re8 10. h3 Nc5 11. Re1 h6 12. b3 a5 13. Bb2 a4 14. Rb1 axb3
15. axb3 c6 16. Ra1 Rxa1 17. Qxa1 Nd3 18. Rd1 Nxb2 19. Qxb2 Nd7 20. Qd2 Qb6
21. Na4 Qc7 22. b4 Ne5 23. Qc2 Qe7 24. Nb6 Nd7 25. Nxc8 Rxc8 26. Nb3 Ra8
27. Na5 Nf8 28. Qd3 c5 29. Qd2 Ne6 30. Nb3 Nd4 31. Rb1 Nxb3 32. Rxb3 Ra1+
33. Kh2 Bd4 34. bxc5 dxc5 35. e5 Qxe5 36. Rxb7 Qe1 37. Qxe1 Rxe1 38. Bd5
Bxf2 39. Rxf7 Bg1+ 40. Kg2 Kh8 41. Rf6 Kg7 42. Rf7+ Kh8 43. h4 Bd4 44. g4
Re2+ 45. Kg3 Re3+ 46. Kf4 Re8 47. h5 gxh5 48. gxh5 Re5 49. Kg4 Rg5+ 50. Kh4
Rg1 51. Rd7 Bf6+ 52. Kh3 Bd4 53. Kh4 Bf6+ 54. Kh3 Bd4 1/2-1/2

[Event "World Blitz Women 2023"]
[Site "Samarkand UZB"]
[Date "2023.12.30"]
[Round "16.20"]
[White "Shukhman, Anna"]
[Black "Ushenina, Anna"]
[Result "0-1"]
[WhiteElo "2093"]
[BlackElo "2334"]
[EventDate "2023.12.29"]

1. e4 c5 2. Nf3 a6 3. c3 d5 4. exd5 Qxd5 5. d4 e6 6. Be2 Nf6 7. O-O Be7 8.
c4 Qd6 9. Nc3 O-O 10. dxc5 Qxc5 11. Be3 Qc7 12. Rc1 Nbd7 13. Nd4 Ne5 14. b3
Rd8 15. Qc2 Neg4 16. g3 Nxe3 17. fxe3 b6 18. Bf3 Bb7 19. Qg2 Bxf3 20. Qxf3
Rac8 21. Ne4 Rd7 22. a4 Qe5 23. Nxf6+ Bxf6 24. Nc6 Qc5 25. Nd4 Bxd4 26.
exd4 Qxd4+ 27. Kg2 Qb2+ 28. Kh3 Rcd8 29. Rcd1 g6 30. Rxd7 Rxd7 31. Rd1 Rxd1
32. Qxd1 Kg7 33. a5 bxa5 34. c5 Qc3 35. Qd6 e5 36. c6 e4 37. c7 e3 38. Qd7
e2 39. c8=Q Qxc8 40. Qxc8 e1=Q 41. Qxa6 Qe6+ 42. Qxe6 fxe6 43. Kg4 Kf6 44.
Kf4 e5+ 45. Ke4 Ke6 46. h3 Kd6 47. g4 Ke6 48. g5 Kd6 49. Ke3 Kd5 50. Kd3
e4+ 51. Ke3 Ke5 52. h4 Kd5 53. h5 Ke5 54. h6 Kd5 0-1

[Event "World Blitz Women 2023"]
[Site "Samarkand UZB"]
[Date "2023.12.30"]
[Round "16.21"]
[White "Omonova, Umida"]
[Black "Nurgaliyeva, Zarina"]
[Result "1-0"]
[WhiteElo "2304"]
[BlackElo "2001"]
[EventDate "2023.12.29"]

1. e4 e5 2. Nf3 Nc6 3. Bc4 Nf6 4. d3 h6 5. O-O Bc5 6. c3 d6 7. Nbd2 a5 8.
Re1 O-O 9. Nf1 Be6 10. Bb5 Ne7 11. d4 exd4 12. cxd4 Bb4 13. Bd2 d5 14. e5
Ne4 15. a3 Bxd2 16. N3xd2 Bf5 17. Nxe4 Bxe4 18. Ng3 Bg6 19. Rc1 c6 20. Bd3
Qd7 21. Rc3 Nc8 22. e6 Qd6 23. exf7+ Rxf7 24. Qg4 Bxd3 25. Rxd3 Ne7 26.
Rde3 Raf8 27. Re6 Qd7 28. f3 Kh8 29. Rxh6+ gxh6 30. Qxd7 Nf5 31. Qe6 Nxg3
32. hxg3 1-0

[Event "World Blitz Women 2023"]
[Site "Samarkand UZB"]
[Date "2023.12.30"]
[Round "16.22"]
[White "Lesbekova, Assel"]
[Black "Narva, Mai"]
[Result "0-1"]
[WhiteElo "1861"]
[BlackElo "2292"]
[EventDate "2023.12.29"]

1. e4 c5 2. Nf3 Nc6 3. Bb5 e6 4. O-O Nge7 5. d4 cxd4 6. Nxd4 a6 7. Be2 Ng6
8. c4 Be7 9. Nc3 O-O 10. Be3 Qc7 11. Rc1 Bf6 12. Qd2 b6 13. Nd5 exd5 14.
cxd5 Bb7 15. dxc6 dxc6 16. f4 c5 17. e5 Be7 18. Nf5 Rad8 19. Qc2 Nh4 20.
Nxh4 Bxh4 21. Bf3 Be7 22. b4 Rc8 23. bxc5 Bxc5 24. Bxc5 bxc5 25. Bxb7 Qxb7
26. Qb3 Qe4 27. Rc3 c4 28. Qc2 Qd4+ 29. Kh1 Rfd8 30. h3 a5 31. Rc1 Qxf4 32.
Rxc4 Rxc4 33. Qxc4 Qxe5 34. Qc7 Rd1+ 0-1

[Event "World Blitz Women 2023"]
[Site "Samarkand UZB"]
[Date "2023.12.30"]
[Round "16.23"]
[White "Nomin-Erdene, Davaademberel"]
[Black "Arabidze, Meri"]
[Result "0-1"]
[WhiteElo "2299"]
[BlackElo "2416"]
[EventDate "2023.12.29"]

1. e4 c5 2. Nf3 e6 3. d4 cxd4 4. Nxd4 Nc6 5. Nb5 d6 6. c4 Nf6 7. N1c3 a6 8.
Na3 Be7 9. Be2 O-O 10. O-O b6 11. Be3 Bb7 12. Qb3 Rb8 13. Bxb6 Qc8 14. Be3
Ne5 15. Qc2 d5 16. exd5 Bxa3 17. bxa3 exd5 18. c5 Re8 19. Rfd1 Neg4 20. Bf4
Ra8 21. Bd6 Ne4 22. Nxe4 dxe4 23. h3 Nh6 24. Bc4 Bc6 25. Qb3 Qf5 26. Qg3
Qh5 27. Rab1 Nf5 28. Qg4 Qg6 29. Qxg6 hxg6 30. Rb6 Ba4 31. Rd2 e3 32. fxe3
Rxe3 33. Rb7 Kh7 34. Rxf7 Rae8 35. Bd5 Re1+ 36. Kh2 Bb5 37. c6 Nxd6 38. Rd7
Nf5 39. Bf3 Rc1 40. Rd1 Rxd1 41. Rxd1 Rc8 42. Rc1 Rc7 43. Rc5 Nd4 44. a4
Nxf3+ 45. gxf3 Rxc6 46. Re5 Rc2+ 47. Kg3 Bxa4 48. Ra5 Bb5 49. a4 Ra2 50.
Kf4 Rxa4+ 0-1

[Event "World Blitz Women 2023"]
[Site "Samarkand UZB"]
[Date "2023.12.30"]
[Round "16.24"]
[White "Balabayeva, Xeniya"]
[Black "Salimova, Nurgyul"]
[Result "1-0"]
[WhiteElo "2202"]
[BlackElo "2343"]
[EventDate "2023.12.29"]

1. d4 d5 2. Bf4 Nf6 3. e3 c5 4. dxc5 Nc6 5. Bb5 g6 6. Nc3 Bg7 7. Nge2 O-O
8. O-O a6 9. Bxc6 bxc6 10. Rb1 Nd7 11. b4 e5 12. Bg3 Bb7 13. f4 exf4 14.
Bxf4 a5 15. a3 axb4 16. axb4 Ra3 17. Qd2 Ba6 18. Rf2 Ne5 19. Bxe5 Bxe5 20.
Nd4 Qd7 21. b5 cxb5 22. c6 Qg4 23. Ncxb5 Ra4 24. c7 Rc4 25. Rf3 Qh4 26. Rh3
Qe7 27. Rf3 Bxc7 28. Nxc7 Qxc7 29. Rf6 Bc8 30. Rbf1 Qe7 31. R1f3 Bg4 32.
R3f4 Bd7 33. Qf2 Rc3 34. Rf3 Be8 35. Ne6 Ra3 36. h3 Qd6 37. g4 Ra1+ 38. Kg2
Qe7 39. Nxf8 d4 40. exd4 Qxf8 41. d5 Bb5 42. Qd4 Qc8 43. Rxf7 Qxc2+ 44. Rf2
Bf1+ 45. Kh2 Qb3 46. Qg7# 1-0

[Event "World Blitz Women 2023"]
[Site "Samarkand UZB"]
[Date "2023.12.30"]
[Round "16.25"]
[White "Zhai, Mo"]
[Black "Kovanova, Baira"]
[Result "1-0"]
[WhiteElo "2342"]
[BlackElo "2234"]
[EventDate "2023.12.29"]

1. d4 Nf6 2. c4 e6 3. Nf3 d5 4. Nc3 Nbd7 5. cxd5 exd5 6. Bg5 h6 7. Bh4 c6
8. e3 Be7 9. Bd3 O-O 10. O-O Re8 11. Qc2 Ne4 12. Bxe7 Qxe7 13. Rab1 a5 14.
a3 Ndf6 15. Ne5 Nd6 16. Rbe1 Bd7 17. f3 Qd8 18. Qf2 b5 19. g4 Nc4 20. Nxd7
Qxd7 21. h4 Qd6 22. g5 hxg5 23. hxg5 Nh5 24. f4 Re7 25. Re2 Rae8 26. Rfe1
g6 27. a4 b4 28. Nb1 Kg7 29. b3 Nb6 30. Nd2 c5 31. dxc5 Qxc5 32. Nf3 Qc3
33. Bb5 Rh8 34. Nd4 Qc8 35. f5 Re4 36. Qf3 Rh4 37. Rf1 Rf8 38. Rg2 Qc7 39.
fxg6 Qe5 40. gxf7 Nc8 41. Nf5+ 1-0